Catálogo
Digital

Catálogo
Digital

Primera infancia desde la perspectiva de la fisioterapia (Record no. 13531)

MARC details
000 -CABECERA
campo de control de longitud fija 01629nam a2200373 4500
003 - IDENTIFICADOR DEL NÚMERO DE CONTROL
campo de control EC-UNACH
005 - FECHA Y HORA DE LA ÚLTIMA TRANSACCIÓN
campo de control 20250422092119.0
006 - CÓDIGOS DE INFORMACIÓN DE LONGITUD FIJA--CARACTERÍSTICAS DEL MATERIAL ADICIONAL
campo de control de longitud fija s||||gr|||| 00| 00
008 - DATOS DE LONGITUD FIJA--INFORMACIÓN GENERAL
campo de control de longitud fija 150116t9999 mx r gr 000 0 spa d
020 ## - NÚMERO INTERNACIONAL ESTÁNDAR DEL LIBRO
Número Internacional Estándar del Libro 978-9942-661-31-9
040 ## - FUENTE DE LA CATALOGACIÓN
Centro catalogador/agencia de origen EC-UNACH
Centro/agencia transcriptor EC-UNACH
041 ## - CÓDIGO DE LENGUA
Código de lengua del texto/banda sonora o título independiente spa
082 04 - NÚMERO DE LA CLASIFICACIÓN DECIMAL DEWEY
Número de edición 23
Número de clasificación 615.82
Número de documento/Ítem L017689
100 ## - ENTRADA PRINCIPAL--NOMBRE DE PERSONA
Nombre de persona Guaña Tarco, Laura Verónica / Rubio López Nataly Estefanía / Núñez Sánchez, Bárbara Leyanis / Yartu Couceiro, Rene / Mayorga Mazón, Clara de las Mercedes
245 ## - MENCIÓN DE TÍTULO
Título Primera infancia desde la perspectiva de la fisioterapia
250 ## - MENCIÓN DE EDICIÓN
Mención de edición Primera Edición
264 ## - Producción, publicación, distribución, fabricación y copyright
Lugar de producción, publicación, distribución, fabricación Riobamba - Ecuador
Nombre del de productor, editor, distribuidor, fabricante Editorial UNACH
Fecha de de producción, publicación, distribución, fabricación o copyright 2024
264 ## - Producción, publicación, distribución, fabricación y copyright
Lugar de producción, publicación, distribución, fabricación Producción UNACH
300 ## - DESCRIPCIÓN FÍSICA
Extensión 174 páginas
Otras características físicas Tablas, Figuras
501 ## - NOTA DE "CON"
Nota de “Con” Incluye índice de contenidos
505 ## - NOTA DE CONTENIDO CON FORMATO
Nota de contenido con formato Capítulo I. La fisioterapia en los centros de desarrollo infantil: una experiencia en Ecuador -- Capítulo II. Condiciones asociadas a la intervención fisioterapéutica en pediatría -- Capítulo III. Fisioterapia pediátrica para el desarrollo infantil -- IV. Desarrollo psicomotor y nutrición.
650 ## - PUNTO DE ACCESO ADICIONAL DE MATERIA--TÉRMINO DE MATERIA
Término de materia o nombre geográfico como elemento inicial DESARROLLO INFANTIL
650 ## - PUNTO DE ACCESO ADICIONAL DE MATERIA--TÉRMINO DE MATERIA
Término de materia o nombre geográfico como elemento inicial COMPONENTES DE CALIDAD
650 ## - PUNTO DE ACCESO ADICIONAL DE MATERIA--TÉRMINO DE MATERIA
Término de materia o nombre geográfico como elemento inicial CONTROL DE PESO Y TALLA
650 ## - PUNTO DE ACCESO ADICIONAL DE MATERIA--TÉRMINO DE MATERIA
Término de materia o nombre geográfico como elemento inicial SUPLEMENTO NUTRICIONAL
650 ## - PUNTO DE ACCESO ADICIONAL DE MATERIA--TÉRMINO DE MATERIA
Término de materia o nombre geográfico como elemento inicial EXAMEN FÍSICO
650 ## - PUNTO DE ACCESO ADICIONAL DE MATERIA--TÉRMINO DE MATERIA
Término de materia o nombre geográfico como elemento inicial DIAGNÓSTICO
856 ## - LOCALIZACIÓN Y ACCESO ELECTRÓNICOS
Identificador Uniforme del Recurso <a href="https://doi.org/10.37135/u.editorial.05.133">https://doi.org/10.37135/u.editorial.05.133</a>
Texto de enlace Libro Digital - Primera infancia desde la perspectiva de la fisioterapia
942 ## - ELEMENTOS DE PUNTO DE ACCESO ADICIONAL (KOHA)
Fuente del sistema de clasificación o colocación Clasificación Decimal Dewey
Tipo de ítem Koha Libro electrónico
999 ## - NÚMEROS DE CONTROL DE SISTEMA (KOHA)
Koha biblionumber 13531
Holdings
Estado de pérdida Fuente del sistema de clasificación o colocación Estado dañado No para préstamo Localización permanente Ubicación/localización actual Ubicación en estantería Fecha de adquisición Fuente de adquisición Total de préstamos Signatura topográfica completa Código de barras Fecha visto por última vez Número de copia Precio válido a partir de Tipo de ítem Koha Centro de costos
  Clasificación Decimal Dewey     Biblioteca Campus Norte Biblioteca Campus Norte Fisioterapia 16/04/2025 Producción Científica UNACH   615.82 GUA L017689 L017689 16/04/2025 Ej: 01 16/04/2025 Libro electrónico  

Powered by Koha